Influence prévostienne dans ľ imaginaire de Mme de Tencin: exemple des Mémoires du comte de Comminge
Saved in:
| Main Author: | |
|---|---|
| Format: | Book Chapter |
| Language: | French |
| Tags: |
No Tags, Be the first to tag this record!
|
MARC
| LEADER | 00000naa$a2200000$$$4500 | ||
|---|---|---|---|
| 001 | 0249548 | ||
| 005 | 20240502074006.7 | ||
| 041 | 0 | |a fre | |
| 044 | |a SK | ||
| 245 | 1 | 0 | |a Influence prévostienne dans ľ imaginaire de Mme de Tencin: exemple des Mémoires du comte de Comminge |c Andrea Tureková |
| 100 | 1 | |a Tureková, Andrea, 1979- | |